000 00688nam a2200253Ia 4500
003 OSt
005 20221007105358.0
006 a|||||r|||| 00| 0
007 ta
008 221006b |||||||| |||| 00| 0 eng d
024 _a18,405
037 _cTextual
040 _aLCO
_cLCO
_beng
041 _2eng
_aeng
082 _aZ2,2675, L1
100 _aDadachandji Rustom R.
_9706558
245 0 _aLaw of Trade and Merchandise Marks in a Nut-Shell
250 _a2nd
260 _aBombay
_bRustom R. Dadachandji India
_c1971
300 _a274
650 _aTRADEMARKS
_9706559
942 _hZ2,2675, L1
_cTEXL
999 _c1187968
_d1187968